Sports Quiz

Random Sports or Athletes Quiz

Athletes by Mug Shot Quiz Stats

 Plays Quiz Updated Dec 5, 2018

Support Sporcle.
Go Orange.
Score 0/25 Timer 06:00
6 Plays Today
Athlete % Correct
Kobe Bryant
94.4%
Mike Tyson
92.6%
Charles Barkley
85.9%
O.J. Simpson
85.5%
Scottie Pippen
78.4%
Allen Iverson
72.6%
Michael Vick
69.1%
Hines Ward
68.2%
Michael Irvin
64%
Roger Clemens
62.6%
Deion Sanders
59.2%
John Daly
57.3%
Manny Ramirez
54.6%
Athlete % Correct
Tonya Harding
53.9%
Randy Moss
53.5%
Darryl Strawberry
49.2%
Jose Canseco
46%
Lawrence Taylor
45.1%
Miguel Cabrera
42.4%
Tony LaRussa
38.9%
Antoine Walker
37.4%
Maurice Clarett
30.6%
Ryan Leaf
29.4%
JaMarcus Russell
28.2%
Dwight Gooden
22.5%

You're not logged in!

Compare scores with friends on all Sporcle quizzes.
OR
Log In
Forgot?

From the Vault

Separated US Presidential Surnames

by beforever

History 3m
Sounds like our presidents really need to hold themselves together.
Remove Ads.
Support Sporcle.
Get the best of Sporcle when you Go Orange. This ad-free experience offers more features, more stats, and more fun while also helping to support Sporcle. Thank you for becoming a member.

Show Comments

Extras

Top Quizzes Today


Score Distribution

Your Account Isn't Verified!

In order to create a playlist on Sporcle, you need to verify the email address you used during registration. Go to your Sporcle Settings to finish the process.

Report this User

Report this user for behavior that violates our Community Guidelines.

Details: